If you lived with the Sioux Indians / (Record no. 7722)

MARC details
000 -LEADER
fixed length control field 01043nam a22003017a 4500
001 - CONTROL NUMBER
control field 7722
003 - CONTROL NUMBER IDENTIFIER
control field FISKH
005 - DATE AND TIME OF LATEST TRANSACTION
control field 20250815124341.0
008 - FIXED-LENGTH DATA ELEMENTS--GENERAL INFORMATION
fixed length control field 250801b cb ||||| |||| 00| 0 eng d
020 ## - INTERNATIONAL STANDARD BOOK NUMBER
International Standard Book Number 9780590451628
040 ## - CATALOGING SOURCE
Original cataloging agency FISKH
Language of cataloging eng
Transcribing agency FISKH
Modifying agency FISKH
050 ## - LIBRARY OF CONGRESS CALL NUMBER
Classification number E99.D1 M125
082 ## - DEWEY DECIMAL CLASSIFICATION NUMBER
Classification number 970.3
100 ## - MAIN ENTRY--PERSONAL NAME
Personal name McGovern, Ann
245 ## - TITLE STATEMENT
Title If you lived with the Sioux Indians /
Statement of responsibility, etc. By Ann McGovern : Illustrated by Jean Syverud Drew
250 ## - EDITION STATEMENT
Edition statement This edition first printing, September 2006
260 ## - PUBLICATION, DISTRIBUTION, ETC.
Place of publication, distribution, etc. New York :
Name of publisher, distributor, etc. Scholastic ,
Date of publication, distribution, etc. 1974.
300 ## - PHYSICAL DESCRIPTION
Extent 80 pages :
Other physical details color illustrations ;
Dimensions 19 X 23 cm .
490 ## - SERIES STATEMENT
Series statement If you ....
520 ## - SUMMARY, ETC.
Summary, etc. Describes the daily life of the Sioux Indians--their clothing, food, games, customs, etc.--before and after the coming of the white man.
650 ## - SUBJECT ADDED ENTRY--TOPICAL TERM
Topical term or geographic name entry element American history
650 ## - SUBJECT ADDED ENTRY--TOPICAL TERM
Topical term or geographic name entry element Native American
Form subdivision Non-fiction
650 ## - SUBJECT ADDED ENTRY--TOPICAL TERM
Topical term or geographic name entry element Sioux
Form subdivision Non-fiction
650 ## - SUBJECT ADDED ENTRY--TOPICAL TERM
Topical term or geographic name entry element South Dakota
Form subdivision Non-fiction
700 ## - ADDED ENTRY--PERSONAL NAME
Personal name Drew, Jean Syverud
Relator term Illustrator
942 ## - ADDED ENTRY ELEMENTS (KOHA)
Source of classification or shelving scheme Dewey Decimal Classification
Koha item type Books
Suppress in OPAC No
Holdings
Withdrawn status Lost status Source of classification or shelving scheme Damaged status Not for loan Collection Home library Current library Shelving location Date acquired Total Checkouts Full call number Barcode Date last seen Price effective from Koha item type Copy number
    Dewey Decimal Classification     Non-Fiction Footprints International School Library Network Toul Tom Poung Campus Footprints International School Library Network Toul Tom Poung Campus TTP Secondary Non-Fiction Bookshelves 08/01/2025   MCC 970.3 E99.D1 M125 FISBK05474 08/01/2025 08/01/2025 Books  
    Dewey Decimal Classification     Non-Fiction Footprints International School Library Network Toul Tom Poung Campus Footprints International School Library Network Toul Tom Poung Campus TTP Secondary Non-Fiction Bookshelves 08/07/2025   MCC 970.3 E99.D1 M125 FIS01335 08/07/2025 08/07/2025 Books 2
    Dewey Decimal Classification     Non-Fiction Footprints International School Library Network Toul Tom Poung Campus Footprints International School Library Network Toul Tom Poung Campus TTP Secondary Non-Fiction Bookshelves 08/15/2025   MCC 970.3 E99.D1 M125 FISTK01553 08/15/2025 08/15/2025 Books 3